Normal view
MARC view
Entry Personal Name
001 - CONTROL NUMBER
- control field: 102925
003 - CONTROL NUMBER IDENTIFIER
- control field: OSt
005 - DATE AND TIME OF LATEST TRANSACTION
- control field: 20220918202243.0
008 - FIXED-LENGTH DATA ELEMENTS
- fixed length control field: 220918|| aca||aabn | a|a d
040 ## - CATALOGING SOURCE
- Original cataloging agency: OSt
- Transcribing agency: OSt
100 ## - HEADING--PERSONAL NAME
- Personal name: Raju G Ganni
670 ## - SOURCE DATA FOUND
- Source citation: Work cat.: (OSt)223388: Raju G Ganni, Life of Dr. B R Ambedkar, 1979
